Energie. Stadt. neu. Denken /

Salvato in:
Dettagli Bibliografici
Altri autori: Vogl, Bernd (Redattore), Heumesser, Ursula (Redattore)
Natura: Libro
Lingua:tedesco
Pubblicazione: Wien : Magistrat der Stadt Wien, Magistratsabteilung 20 - Energieplanung, 2012
Edizione:1. vydanie
Soggetti:
Tags: Aggiungi Tag
Nessun Tag, puoi essere il primo ad aggiungerne!!

MARC

LEADER 00000nam a22000003a 4500
001 0065113
003 SK-STU
005 20190328143849.4
007 ta
008 180518s ----xo-----e------000-0-----d
040 |a STU  |b slo 
041 0 |a ger 
044 |a au 
100 1 |a Vogl, Bernd  |4 edt 
245 1 0 |a Energie. Stadt. neu. Denken /  |c ed. Bernd Vogl ; ed. Ursula Heumesser 
250 |a 1. vydanie 
260 |a Wien :  |b Magistrat der Stadt Wien, Magistratsabteilung 20 - Energieplanung,  |c 2012 
300 |a 113 s. 
650 0 7 |a energie 
650 0 7 |a mesto 
650 0 7 |a efektívne využívanie energie 
650 0 7 |a Viedeň 
650 0 7 |a energetická efektívnosť 
650 0 7 |a smart city 
650 0 7 |a obnoviteľné zdroje energie 
700 1 |a Heumesser, Ursula  |4 edt 
996 |b 284AU07458  |c A* 10707/U  |l AAKNAR  |s A  |a 24  |w 0065113_0001